| 000 | 01309cam a2200301 a 4500 | ||
|---|---|---|---|
| 001 | 12989784 | ||
| 005 | 20030516103324.0 | ||
| 008 | 021101s2003 nyua 001 0 eng | ||
| 010 | _a 2002153194 | ||
| 020 | _a0071402284 | ||
| 040 |
_aDLC _cDLC _dDLC |
||
| 050 | 0 | 0 |
_aTK5102.5 _b.H78 2003 |
| 082 | 0 | 0 |
_a621.38223 _221 _bHSU |
| 100 | 1 |
_aHsu, Hwei P. _q(Hwei Piao), _d1930- _95932 |
|
| 245 | 1 | 0 |
_aSchaum's outline of theory and problems of analog and digital communications / _cHwei P. Hsu. |
| 246 | 3 | 0 | _aTheory and problems of analog and digital communications |
| 250 | _a2nd ed. | ||
| 260 |
_aNew York : _bMcGraw-Hill, _cc2003. |
||
| 300 |
_avi, 330 p. : _bill. ; _c28 cm. |
||
| 440 | 0 |
_aSchaum's outline series _95933 |
|
| 500 | _aIncludes index. | ||
| 650 | 0 |
_aSignal theory (Telecommunication) _95934 |
|
| 650 | 0 |
_aModulation theory. _95935 |
|
| 856 | 4 | 2 |
_3Publisher description _uhttp://www.loc.gov/catdir/description/mh031/2002153194.html |
| 942 |
_2ddc _cBB |
||
| 999 |
_c11774 _d11774 |
||